Cómo realizar buenas jugadas en la apertura

Gespeichert in:
Bibliographische Detailangaben
1. Verfasser: Mednis, Edmar (autor)
Format: Buch
Sprache:Spanisch
Veröffentlicht: Barcelona Paidotribo 2005
Ausgabe:1a. ed
Schlagworte:
Tags: Tag hinzufügen
Keine Tags, Fügen Sie den ersten Tag hinzu!

MARC

LEADER 00000nam a2200000 a 4500
001 UCG3327
003 CL-VaPUC
008 100819e20050000SP |||||||||||||||||spa|d
020 |a 8480198281 
082 0 4 |a 794  |b MED  |2 21 
100 |a Mednis, Edmar  |e autor  |9 552366 
245 1 0 |a Cómo realizar buenas jugadas en la apertura 
250 |a 1a. ed 
300 |a 144 p 
942 |c BK 
945 |d 20100819 00:00:00  |a mfarfan 
260 |a Barcelona  |b Paidotribo  |c 2005 
500 |a Incluye CD 
650 0 |a Ajedrez  |9 333081 
650 7 |a TABLEROS  |2 CL-VaPUC  |9 542651 
650 7 |a JUEGOS DE ESTRATEGIA  |2 CL-VaPUC  |9 428778 
650 7 |a ENTRETENIMIENTO  |2 CL-VaPUC  |9 539343 
583 |a last modification  |c 20100819 00:00:00  |k Rodrigo Vera 
999 |c 342397  |d 342395 
952 |0 0  |1 0  |4 0  |6 794_000000000000000_MED_2005  |7 0  |8 C  |9 438564  |a BIBCUR  |b BIBCUR  |d 2019-11-22  |i 4708776  |l 4  |o 794 MED 2005  |p 4708776  |r 2025-04-22  |s 2025-01-06  |w 2019-11-22  |y BK  |k DEN